000 00565nam a2200193Ia 4500
003 GCL
008 140319s9999 xx 000 0 ara d
040 _aGCL /
_cGCL
082 0 4 _a415.1
_bا س
100 1 _aابراهيم حسن ابراهيم
245 1 0 _aسيبوية والضرورة الشعرية /
_cابراهيم حسن ابراهيم
260 _a[S.N] :
_bمطبعة حسان ،
_c1983
300 _a382 ص
490 _a
650 0 4 _aالشعر العربى
650 0 4 _aالنحو
650 0 4 _aاللغة العربية
942 _2ddc
_cBK
999 _c32410
_d32410